Statistics for Atlanta General Knowledge

Click here to take the quiz!

General Stats

  • This quiz has been taken 40 times
  • The average score is 6 of 10

Answer Stats

HintAnswer% Correct
Popular carbonated beverage company HQed in ATLCoca-Cola
94%
News and media company headquartered in AtlantaCNN
92%
Home improvment and retail company from AtlantaThe Home Depot
86%
One of the 4 genres of music that are well known hereHip-Hop/Rap/R&B/Soul
83%
Major airlines headquartered at Hartsfield–JacksonDelta Airlines
83%
Well known name for a street, neighborhoods, roadsPeachtree Street
69%
Well known city nickname The City ___ ____ __ ____The City Too Busy To Hate
28%
Famous R&B songwriter and singer from AtlantaUsher
22%
Famous rapper born and raised in AtlantaT.I.
19%
Popular commercial neighborhood with shops and barsLittle Five Points
6%

Score Distribution

Percentile by Number Answered

Percent of People with Each Score

Your Score History

You have not taken this quiz